Topics in ergodic theory / (Record no. 51019)
[ view plain ]
| 000 -LEADER | |
|---|---|
| fixed length control field | 01007nam a2200289 a 4500 |
| 001 - CONTROL NUMBER | |
| control field | 51019 |
| 003 - CONTROL NUMBER IDENTIFIER | |
| rucl marc code | BD-RjUL |
| 005 - DATE AND TIME OF LATEST TRANSACTION | |
| control field | 20211209075611.0 |
| 008 - FIXED-LENGTH DATA ELEMENTS--GENERAL INFORMATION | |
| fixed length control field | 160829s1981 enk b 001 0 eng |
| 020 ## - INTERNATIONAL STANDARD BOOK NUMBER | |
| International Standard Book Number | 0521229863 |
| 035 ## - SYSTEM CONTROL NUMBER | |
| System control number | (BD-RjUL) 51139 |
| 040 ## - CATALOGING SOURCE | |
| Original cataloging agency | DLC |
| Transcribing agency | DLC |
| Modifying agency | DLC |
| -- | BD-RjUL |
| Language of cataloging | eng |
| 041 ## - LANGUAGE CODE | |
| Language code of text/sound track or separate title | eng |
| 082 00 - DEWEY DECIMAL CLASSIFICATION NUMBER | |
| Classification number | 515.48 |
| Edition number | 23 |
| Author mark and year | PAT 1981 |
| 100 1# - MAIN ENTRY--PERSONAL NAME | |
| Personal name | Parry, William, |
| Dates associated with a name | 1934-2006. |
| 9 (RLIN) | 152055 |
| 245 10 - TITLE STATEMENT | |
| Title | Topics in ergodic theory / |
| Statement of responsibility, etc. | William Parry. |
| 260 ## - PUBLICATION, DISTRIBUTION, ETC. (IMPRINT) | |
| Place of publication, distribution, etc. | Cambridge ; |
| -- | New York : |
| Name of publisher, distributor, etc. | Cambridge University Press, |
| Date of publication, distribution, etc. | c1981. |
| 300 ## - PHYSICAL DESCRIPTION | |
| Pagination | x, 110 p. ; |
| Size | 23 cm. |
| 490 ## - SERIES STATEMENT | |
| Series statement | Cambridge tracts in mathematics ; |
| Volume/sequential designation | 75 |
| 504 ## - BIBLIOGRAPHY, ETC. NOTE | |
| Bibliography, etc | Bibliography: p. [98]-[107] and index. |
| 650 #0 - SUBJECT ADDED ENTRY--TOPICAL TERM | |
| Topical term or geographic name as entry element | Ergodic theory. |
| 9 (RLIN) | 151271 |
| 830 ## - SERIES ADDED ENTRY--UNIFORM TITLE | |
| Uniform title | Cambridge tracts in mathematics ; |
| Volume number/sequential designation | 75 |
| 856 41 - ELECTRONIC LOCATION AND ACCESS | |
| Materials specified | Table of contents |
| Uniform Resource Identifier | <a href="http://www.loc.gov/catdir/toc/cam051/79007815.html">http://www.loc.gov/catdir/toc/cam051/79007815.html</a> |
| Materials specified | Publisher description |
| Uniform Resource Identifier | <a href="http://www.loc.gov/catdir/description/cam041/79007815.html">http://www.loc.gov/catdir/description/cam041/79007815.html</a> |
| 942 ## - ADDED ENTRY ELEMENTS (KOHA) | |
| Source of classification or shelving scheme | Dewey Decimal Classification |
| Koha item type | Books |
| Lost status | Source of classification or shelving scheme | Damaged status | Not for loan | Collection code | Permanent Location | Current Location | Shelving location | Date acquired | Source of acquisition | Cost, normal purchase price | Total Checkouts | Full call number | Date last seen | Copy number | Koha item type |
|---|---|---|---|---|---|---|---|---|---|---|---|---|---|---|---|
| Dewey Decimal Classification | Non-fiction | Central Library, University of Rajshahi | Central Library, University of Rajshahi | 07/05/1985 | Tulip | 211.00 | 515.42 PAT 1981 | 29/08/2016 | C-2 | Books | |||||
| Dewey Decimal Classification | Not For Loan | Non-fiction | Central Library, University of Rajshahi | Central Library, University of Rajshahi | Reading Room | 07/05/1985 | Tulip | 211.00 | 515.48 PAT 1981 | 12/04/2017 | C-1 | Books |